Darwin's forgotten defenders : the encounter between evangelical theology and evolutionary thought /

Bibliographic Details
Main Author: Livingstone, David N., 1953-
Format: Book
Language:English
Published: Grand Rapids, Mich. : Edinburgh, Scotland : W.B. Eerdmans ; Scottish Academic Press, [1987]
Subjects:

MARC

Tag First Indicator Second Indicator Subfields
LEADER 00000cam a2200000 a 4500
001 in00000008798
005 20151004050022.0
008 870430s1987 miua b 00110 eng
010 |a  87013469  
020 |a 0802802605 (pbk.) :  |c $9.95 
035 |a (OCoLC)15856083 
035 |9 AAA1210AM 
040 |a DLC  |c DLC  |d TXA  |d UtOrBLW 
049 |a TXAM  |c [A12615486] 
050 0 0 |a BT712  |b .L58 1987 
082 0 |a 231.7/65  |2 19 
100 1 |a Livingstone, David N.,  |d 1953- 
245 1 0 |a Darwin's forgotten defenders :  |b the encounter between evangelical theology and evolutionary thought /  |c by David N. Livingstone. 
264 1 |a Grand Rapids, Mich. :  |b W.B. Eerdmans ;  |a Edinburgh, Scotland :  |b Scottish Academic Press,  |c [1987] 
264 4 |c ©1987 
300 |a xii, 210 pages :  |b illustrations ;  |c 22 cm. 
336 |a text  |b txt  |2 rdacontent 
337 |a unmediated  |b n  |2 rdamedia 
338 |a volume  |b nc  |2 rdacarrier 
504 |a Bibliography: pages 191-203. 
500 |a Includes index. 
650 0 |a Evolution  |x Religious aspects  |x Christianity  |x History of doctrines  |y 19th century. 
650 0 |a Evolution  |x Religious aspects  |x Christianity  |x History of doctrines  |y 20th century. 
650 0 |a Evangelicalism  |x History  |y 19th century. 
650 0 |a Evangelicalism  |x History  |y 20th century. 
650 0 |a Princeton theology. 
650 0 |a Creationism  |x Controversial literature. 
999 |a MARS 
999 f f |s 267d31a7-8842-3f9d-8d34-fa0c44bbc69a  |i 83c76709-4d74-3c6e-b6f3-b18797b7f70d  |t 0 
952 f f |p ric  |a Texas A&M University  |b Rellis Campus  |c Joint Library Facility  |d Remote Storage  |t 0  |e BT712 .L58 1987  |h Library of Congress classification  |i unmediated -- volume  |m A14812615486 
998 f f |a BT712 .L58 1987  |t 0  |l Remote Storage